000 00667nam a2200253Ia 4500
001 52640
005 20240114005313.0
007 ta
008 100903s2002 g b000 u 903 u
020 _a81-7033-617-1
040 _aCotton College,Assam
041 _a903
082 _a910.01
_bHa 212 Na
100 _aHartshorne, Richard .
245 0 _aThe Nature of Geography /
_cRichard Hartshorne.
_hTextual Documents
250 _aIst ed. /
260 _aJaipur :
_bRawat Publications ,
_c2002.
300 _a504pg ;
_c17cm.
653 _aGeography
653 _aDeptt- Geography
942 _2ddc
_cBK
999 _c52603
_d52603